[Event "Konik Morski Rewala OPEN A"]
[Site "Rewal"]
[Date "2007.08.26"]
[Round "6.38"]
[White "Kotermanska, Anna"]
[Black "Christensen, Bo Garner"]
[Result "0-1"]
[WhiteElo "1980"]
[BlackElo "2223"]
[PlyCount "94"]
[EventDate "2007.??.??"]

1. e4 c5 2. Nf3 d6 3. d4 cxd4 4. Nxd4 Nf6 5. Nc3 a6 6. Bg5 e6 7. f4 b5 8. Qf3
Bb7 9. Bd3 Nbd7 10. O-O-O Rc8 11. f5 b4 12. Nce2 e5 13. Nb3 Qc7 14. Ng3 a5 15.
Nh5 a4 16. Nd2 a3 17. Kb1 Nxh5 18. Qxh5 Ba6 19. Qe2 f6 20. Be3 axb2 21. Nb3
Bxd3 22. Qxd3 Be7 23. h4 O-O 24. g4 Qb8 25. g5 Kh8 26. Qe2 Rc3 27. g6 Rfc8 28.
Rd2 Qa8 29. Qh5 Nf8 30. Bh6 Rg3 31. Bxg7+ Kxg7 32. gxh7 Nxh7 33. Rd3 Rg2 34.
Rd2 Qxe4 35. Rxg2+ Qxg2 36. Qd1 Kh8 37. Rg1 Qe4 38. Qd2 Qxf5 39. Qg2 Ng5 40.
hxg5 fxg5 41. Rh1+ Kg7 42. Qh2 Qg6 43. Kxb2 e4 44. Nd4 Bf6 45. Qxd6 Rd8 46.
Qc7+ Kg8 47. Qc4+ Qf7 0-1

[Event "Konik Morski Rewala OPEN A"]
[Site "Rewal"]
[Date "2007.08.26"]
[Round "6.39"]
[White "Jagodzinski, Piotr"]
[Black "Tsifanskaya, Ludmila A"]
[Result "1-0"]
[WhiteElo "2120"]
[BlackElo "2170"]
[PlyCount "71"]
[EventDate "2007.??.??"]

1. Nf3 Nf6 2. b3 g6 3. Bb2 Bg7 4. e3 d6 5. Be2 O-O 6. O-O e5 7. d3 Re8 8. Nbd2
c6 9. c4 Nbd7 10. a3 a5 11. Qc2 Nc5 12. b4 Na6 13. Bc3 axb4 14. axb4 Bg4 15. h3
Bxf3 16. Bxf3 Qd7 17. Rfb1 Nc7 18. Nb3 Ne6 19. h4 h5 20. Na5 Rac8 21. b5 Nd8
22. bxc6 bxc6 23. Rb6 d5 24. Qb2 Qf5 25. Nb7 Nxb7 26. Rxb7 Rcd8 27. Raa7 d4 28.
exd4 exd4 29. Rxf7 Bh6 30. Bd2 Rb8 31. Qa2 Bxd2 32. Qxd2 Rb1+ 33. Kh2 Qe5+ 34.
g3 Ng4+ 35. Bxg4 hxg4 36. Qh6 1-0

[Event "Konik Morski Rewala OPEN A"]
[Site "Rewal"]
[Date "2007.08.26"]
[Round "6.40"]
[White "Slezak, Robert"]
[Black "Demidowicz, Maria"]
[Result "0-1"]
[WhiteElo "2167"]
[BlackElo "1979"]
[PlyCount "80"]
[EventDate "2007.??.??"]

1. e4 c5 2. Nf3 d6 3. d4 cxd4 4. Qxd4 Nc6 5. Bb5 Bd7 6. Bxc6 Bxc6 7. Nc3 Nf6 8.
Bg5 e6 9. O-O-O Be7 10. Rhe1 h6 11. Bh4 O-O 12. h3 b5 13. Qd3 b4 14. Nb5 Qa5
15. Nbd4 Bb7 16. Kb1 Rac8 17. Nb3 Qb6 18. Qd4 Qc7 19. Rd2 Rfd8 20. Bxf6 Bxf6
21. Qxb4 d5 22. e5 Be7 23. Qa5 Qc4 24. c3 Ba6 25. Rd4 Qc6 26. Rd2 Bc4 27. Qxa7
Rd7 28. Qe3 Ra8 29. Nfd4 Qa4 30. Nc1 Bxa2+ 31. Nxa2 Qxa2+ 32. Kc2 Rb7 33. Rb1
Rab8 34. Kc1 Ba3 35. Qe2 Bxb2+ 36. Rdxb2 Rxb2 37. Qxb2 Rxb2 38. Rxb2 Qc4 39.
Ne2 Qe4 40. g3 Qxe5 0-1

[Event "Konik Morski Rewala OPEN A"]
[Site "Rewal"]
[Date "2007.08.26"]
[Round "6.41"]
[White "Kopisch, Martin"]
[Black "Wiewiora, Eneasz"]
[Result "1-0"]
[WhiteElo "2154"]
[BlackElo "1911"]
[PlyCount "87"]
[EventDate "2007.??.??"]

1. d4 Nf6 2. Bg5 Ne4 3. Bf4 c5 4. f3 Qa5+ 5. c3 Nf6 6. d5 d6 7. e4 g6 8. Bd3
Bg7 9. Qd2 O-O 10. Na3 Nbd7 11. Nc4 Qc7 12. a4 b5 13. axb5 a6 14. Ne2 axb5 15.
Rxa8 bxc4 16. Bc2 Nb6 17. Ra2 Nh5 18. Be3 e5 19. dxe6 fxe6 20. O-O d5 21. Ra5
Be5 22. f4 Bd6 23. e5 Be7 24. Ng3 Nxg3 25. hxg3 Bb7 26. Qe2 Qc6 27. Raa1 Rd8
28. Rad1 Ra8 29. Rd2 d4 30. cxd4 Nd5 31. Be4 cxd4 32. Bxd4 Ba6 33. Bxd5 Qxd5
34. Bc3 Bc5+ 35. Kh2 Qb7 36. Rfd1 Bb5 37. Rd8+ Kg7 38. Rxa8 Qxa8 39. Qg4 Qe8
40. Rd2 Kf7 41. Qh4 g5 42. Qxh7+ Kf8 43. Qh8+ Ke7 44. Qf6# 1-0

[Event "Konik Morski Rewala OPEN A"]
[Site "Rewal"]
[Date "2007.08.26"]
[Round "6.43"]
[White "Musialkiewicz, Jan"]
[Black "Czaja, Roman"]
[Result "0-1"]
[WhiteElo "1926"]
[BlackElo "2146"]
[PlyCount "74"]
[EventDate "2007.??.??"]

1. e4 c5 2. Nc3 d6 3. g3 Nc6 4. Bg2 e5 5. Nge2 h5 6. h3 Be7 7. Nd5 Be6 8. d3
Qd7 9. Be3 Bd8 10. f4 f6 11. Qd2 Nge7 12. Nxe7 Bxe7 13. f5 Bf7 14. O-O O-O-O
15. c4 g6 16. Nc3 gxf5 17. exf5 Rdg8 18. Kh2 Bd8 19. Nd5 Rg7 20. Be4 Ba5 21.
Qf2 Qd8 22. a3 Bxd5 23. cxd5 Nd4 24. Bxd4 exd4 25. b4 Bb6 26. Rac1 Kb8 27. Qf4
Ka8 28. Bf3 h4 29. gxh4 Re7 30. Rce1 Re3 31. Be4 Qc7 32. Rc1 Qd7 33. Rf3 Rc8
34. Rf2 Qa4 35. Qxd6 Bc7 36. Qxc7 Rxc7 37. d6 Rc8 0-1

[Event "Konik Morski Rewala OPEN A"]
[Site "Rewal"]
[Date "2007.08.26"]
[Round "6.44"]
[White "Klim, Kamil"]
[Black "Gorol, Magdalena"]
[Result "1-0"]
[WhiteElo "2126"]
[BlackElo "1834"]
[PlyCount "43"]
[EventDate "2007.??.??"]

1. d4 d5 2. c4 e6 3. Nc3 f5 4. Nf3 Nf6 5. g3 c6 6. Bg2 Bd6 7. O-O O-O 8. b3 Qe7
9. Bb2 Nbd7 10. e3 b6 11. cxd5 exd5 12. Qc2 Ne4 13. Rfe1 Ndf6 14. Ne2 Bd7 15.
Nf4 Rac8 16. Ne5 Be8 17. f3 Ng5 18. h4 Nf7 19. Qxf5 Nd7 20. Qe6 Rc7 21. Qxe7
Bxe7 22. Ne6 1-0

[Event "Konik Morski Rewala OPEN A"]
[Site "Rewal"]
[Date "2007.08.26"]
[Round "6.45"]
[White "Kowalska, Sara"]
[Black "Dudys, Jakub"]
[Result "1/2-1/2"]
[WhiteElo "1867"]
[BlackElo "2162"]
[PlyCount "109"]
[EventDate "2007.??.??"]

1. d4 Nf6 2. c4 g6 3. Nc3 d5 4. Bg5 Bg7 5. e3 c5 6. Nf3 Ne4 7. Bh4 Nxc3 8. bxc3
Nc6 9. Be2 cxd4 10. cxd4 dxc4 11. Bxc4 Qa5+ 12. Qd2 Qxd2+ 13. Nxd2 O-O 14. O-O
e6 15. Rac1 Bd7 16. Ne4 Na5 17. Bd3 Rfc8 18. Nf6+ Bxf6 19. Bxf6 b5 20. h4 a6
21. h5 Rxc1 22. Rxc1 Rc8 23. Rxc8+ Bxc8 24. h6 Bb7 25. Kf1 Bd5 26. a3 Kf8 27.
Bd8 Nc6 28. Bb6 Ke7 29. e4 Bb3 30. Ke2 Kd7 31. g4 f6 32. f4 Ne7 33. Bc5 Nc6 34.
f5 exf5 35. gxf5 gxf5 36. e5 Ke6 37. exf6 Kxf6 38. Ke3 Bd5 39. Kf4 Be6 40. d5
Bxd5 41. Bxf5 Bg8 42. Be4 Nd8 43. Bf5 a5 44. Bd4+ Ke7 45. Bc5+ Ke8 46. Bb6 b4
47. a4 Nc6 48. Be4 Kd7 49. Bxc6+ Kxc6 50. Bxa5 Kc5 51. Ke3 Kc4 52. Kd2 Kb3 53.
Kc1 Kxa4 54. Bd8 Kb3 55. Bf6 1/2-1/2

[Event "Konik Morski Rewala OPEN A"]
[Site "Rewal"]
[Date "2007.08.26"]
[Round "6.46"]
[White "Stachanczyk, Jacek"]
[Black "Malczyk, Jakub"]
[Result "1/2-1/2"]
[WhiteElo "2186"]
[BlackElo "2050"]
[PlyCount "41"]
[EventDate "2007.??.??"]

1. e4 d5 2. exd5 Qxd5 3. Nc3 Qd6 4. d4 Nf6 5. Nf3 a6 6. Ne5 c5 7. Nc4 Qe6+ 8.
Be3 cxd4 9. Qxd4 Nc6 10. Qf4 Qg4 11. Nb6 Rb8 12. Qc7 e5 13. Bxa6 Qe6 14. Bb5
Qd6 15. Qxd6 Bxd6 16. O-O-O Bb4 17. Ncd5 Nxd5 18. Rxd5 f6 19. a3 Be7 20. Nxc8
Rxc8 21. Rhd1 1/2-1/2

[Event "Konik Morski Rewala OPEN A"]
[Site "Rewal"]
[Date "2007.08.26"]
[Round "6.47"]
[White "Majcher, Marcin"]
[Black "Czachor, Radoslaw"]
[Result "1/2-1/2"]
[WhiteElo "2163"]
[BlackElo "2038"]
[PlyCount "51"]
[EventDate "2007.??.??"]

1. e4 d5 2. exd5 Nf6 3. d4 Qxd5 4. Nc3 Qd8 5. Bc4 Bf5 6. Nf3 e6 7. Qe2 Bb4 8.
O-O O-O 9. Bg5 c6 10. Nd1 Nbd7 11. Ne3 Bg6 12. Ne5 Qc7 13. f4 Nd5 14. c3 Nxe3
15. Qxe3 Bd6 16. g4 Rfe8 17. Bh4 c5 18. Bb5 cxd4 19. cxd4 Nxe5 20. fxe5 Be7 21.
Bxe8 Bxh4 22. Ba4 h6 23. Bd1 Rd8 24. Bf3 Qb6 25. Rad1 Bc2 26. Qc3 1/2-1/2

[Event "Konik Morski Rewala OPEN A"]
[Site "Rewal"]
[Date "2007.08.26"]
[Round "6.48"]
[White "Tofil, Borys"]
[Black "Siwiec, Arkadiusz"]
[Result "1/2-1/2"]
[WhiteElo "2148"]
[BlackElo "2048"]
[PlyCount "83"]
[EventDate "2007.??.??"]

1. e4 c5 2. Nf3 d6 3. Nc3 Nf6 4. Bb5+ Bd7 5. Bxd7+ Qxd7 6. O-O Nc6 7. d3 g6 8.
h3 Bg7 9. Bf4 O-O 10. Re1 Rac8 11. Qd2 Rfd8 12. Rad1 Nd4 13. Nxd4 cxd4 14. Ne2
Qa4 15. c4 dxc3 16. Nxc3 Qa5 17. Bg5 b5 18. e5 b4 19. Ne4 dxe5 20. a3 Rb8 21.
Rc1 Qb5 22. Nc5 bxa3 23. bxa3 Nd5 24. Re4 Rdc8 25. Rec4 Rd8 26. a4 Qb2 27. Qa5
h6 28. Bd2 Qb6 29. Na6 Ra8 30. Rc6 Qxa5 31. Bxa5 Re8 32. Nc7 Nxc7 33. Rxc7 Bf6
34. R1c6 a6 35. Rb7 Rec8 36. Rbb6 Rxc6 37. Rxc6 Kf8 38. Kf1 Ke8 39. Ke2 e6 40.
Bd2 h5 41. a5 Bd8 42. Rc5 1/2-1/2

[Event "Konik Morski Rewala OPEN A"]
[Site "Rewal"]
[Date "2007.08.26"]
[Round "6.49"]
[White "Raczynski, Marcin"]
[Black "Kunicki, Michal"]
[Result "1/2-1/2"]
[WhiteElo "2044"]
[BlackElo "2120"]
[PlyCount "39"]
[EventDate "2007.??.??"]

1. d4 Nf6 2. c4 e6 3. Nf3 b6 4. g3 Bb7 5. Bg2 Be7 6. O-O O-O 7. Nc3 Ne4 8. d5
Nxc3 9. bxc3 Bf6 10. Qb3 Na6 11. Ba3 Re8 12. Rfe1 Be7 13. Nd2 Bxa3 14. Qxa3 e5
15. e4 d6 16. Nb3 Nb8 17. Qc1 a5 18. Qe3 a4 19. Nd2 Nd7 20. Bf1 1/2-1/2

[Event "Konik Morski Rewala OPEN A"]
[Site "Rewal"]
[Date "2007.08.26"]
[Round "6.50"]
[White "Krasnodebska, Magdalena"]
[Black "Cherednichenko, Elena"]
[Result "1/2-1/2"]
[WhiteElo "1992"]
[BlackElo "2105"]
[PlyCount "81"]
[EventDate "2007.??.??"]

1. e4 e6 2. d4 d5 3. exd5 exd5 4. Nf3 Bd6 5. c4 dxc4 6. Bxc4 Nf6 7. O-O O-O 8.
h3 Nbd7 9. Bg5 c6 10. Nc3 Qc7 11. Re1 h6 12. Be3 Nb6 13. Bb3 Re8 14. d5 Rd8 15.
Bxb6 Qxb6 16. Qc2 Nxd5 17. Nxd5 cxd5 18. Bxd5 Bb4 19. Re2 Rxd5 20. Re8+ Bf8 21.
Rxc8 Rxc8 22. Qxc8 Rc5 23. Qb8 Rc2 24. Rf1 Rxb2 25. Ne5 Rb1 26. Rxb1 Qxb1+ 27.
Kh2 Qb4 28. Qe8 Qe7 29. Qb5 g6 30. Qd5 Kg7 31. g3 b6 32. Kg2 Qe6 33. Qd4 Bc5
34. Qb2 Qd5+ 35. Nf3+ f6 36. Qe2 Kf7 37. Qa6 Qd7 38. a4 g5 39. Ne1 Qd5+ 40. Nf3
Qd7 41. Ne1 1/2-1/2

[Event "Konik Morski Rewala OPEN A"]
[Site "Rewal"]
[Date "2007.08.26"]
[Round "6.51"]
[White "Schroeter, Guenter"]
[Black "Kielar, Maciej"]
[Result "1/2-1/2"]
[WhiteElo "2104"]
[BlackElo "1976"]
[PlyCount "61"]
[EventDate "2007.??.??"]

1. e4 e6 2. d4 d5 3. Nd2 Nf6 4. e5 Nfd7 5. Bd3 c5 6. c3 Nc6 7. Ne2 Qb6 8. Nf3
cxd4 9. cxd4 Be7 10. O-O Nf8 11. a3 Bd7 12. b4 Rc8 13. Bd2 Ng6 14. Rc1 O-O 15.
g3 f5 16. b5 Na5 17. a4 Rxc1 18. Bxc1 a6 19. Nc3 Rc8 20. Bd2 Nc4 21. Bxc4 Rxc4
22. a5 Qc7 23. bxa6 bxa6 24. Qa1 Bb4 25. Nb1 Bb5 26. Na3 Bxa3 27. Qxa3 Ra4 28.
Qc1 Qc4 29. Qxc4 Rxc4 30. Rc1 Rxc1+ 31. Bxc1 1/2-1/2

[Event "Konik Morski Rewala OPEN A"]
[Site "Rewal"]
[Date "2007.08.26"]
[Round "6.52"]
[White "Organisciak, Wojciech"]
[Black "Labedz, Patrycja"]
[Result "1/2-1/2"]
[WhiteElo "2095"]
[BlackElo "1942"]
[PlyCount "69"]
[EventDate "2007.??.??"]

1. Nc3 d5 2. e3 Nf6 3. f4 Bf5 4. Nf3 h6 5. h3 e6 6. d3 Bh7 7. Bd2 Nbd7 8. Qe2
c6 9. g4 Qc7 10. O-O-O Bd6 11. Rg1 O-O-O 12. Qf2 Rde8 13. Kb1 Kb8 14. Bg2 e5
15. fxe5 Nxe5 16. Nd4 Qd7 17. Rdf1 Bc7 18. Nf5 Nexg4 19. hxg4 Nxg4 20. Qf3 Nh2
21. Qh3 Nxf1 22. Rxf1 Bxf5 23. Qxf5 Qxf5 24. Rxf5 Ref8 25. Kc1 g6 26. Rf1 f5
27. Bh3 Be5 28. Ne2 Rf6 29. Nf4 Rhf8 30. Bg2 Kc7 31. Rh1 g5 32. Nh5 R6f7 33.
Bb4 Re8 34. Bd2 Ref8 35. Bb4 1/2-1/2

[Event "Konik Morski Rewala OPEN A"]
[Site "Rewal"]
[Date "2007.08.26"]
[Round "6.53"]
[White "Latocha, Aleksander"]
[Black "Morozova, Julia"]
[Result "1/2-1/2"]
[WhiteElo "1817"]
[BlackElo "2073"]
[PlyCount "80"]
[EventDate "2007.??.??"]

1. e4 e6 2. d4 d5 3. Nc3 Bb4 4. e5 Ne7 5. a3 Bxc3+ 6. bxc3 c5 7. Qg4 Qc7 8.
Qxg7 Rg8 9. Qxh7 cxd4 10. Ne2 dxc3 11. f4 b6 12. Nd4 Ba6 13. Bxa6 Nxa6 14. O-O
Nc5 15. Be3 a6 16. Rae1 O-O-O 17. Qxf7 Rdf8 18. Qh5 Nf5 19. Nxf5 Rxf5 20. Qe2
Kb7 21. Rb1 Rh8 22. Bxc5 Qxc5+ 23. Qf2 Qxf2+ 24. Rxf2 Rfh5 25. h3 Kc6 26. Rf3
d4 27. Kh2 Kc5 28. g4 Rh4 29. g5 b5 30. Rg1 a5 31. g6 b4 32. f5 exf5 33. g7 Rg8
34. Rxf5 d3 35. Rf8 Rxg7 36. Rxg7 d2 37. Rg1 b3 38. Rc8+ Kd4 39. Rd8+ Kc4 40.
Rc8+ Kb5 1/2-1/2

[Event "Konik Morski Rewala OPEN A"]
[Site "Rewal"]
[Date "2007.08.26"]
[Round "6.55"]
[White "Warchalowski, Daniel"]
[Black "Dinckel, Joerg"]
[Result "1-0"]
[WhiteElo "2061"]
[BlackElo "2066"]
[PlyCount "47"]
[EventDate "2007.??.??"]

1. e4 c5 2. Nc3 Nc6 3. f4 e6 4. Nf3 d5 5. Bb5 Nf6 6. Bxc6+ bxc6 7. d3 Be7 8.
O-O O-O 9. Qe1 Ba6 10. e5 Nd7 11. Qg3 g6 12. Qh3 c4 13. d4 c5 14. Kh1 Qc7 15.
dxc5 Nxc5 16. f5 exf5 17. Nxd5 Qb7 18. Nxe7+ Qxe7 19. Bg5 Qc7 20. Bf6 h5 21.
Nd4 c3 22. Rxf5 cxb2 23. Rb1 Bc8 24. Qxh5 1-0

[Event "Konik Morski Rewala OPEN A"]
[Site "Rewal"]
[Date "2007.08.26"]
[Round "6.56"]
[White "Pacak, Mateusz"]
[Black "Krzywkowski, Marcin"]
[Result "1-0"]
[WhiteElo "1885"]
[BlackElo "1861"]
[PlyCount "45"]
[EventDate "2007.??.??"]

1. e4 c5 2. Nc3 Nc6 3. g3 g6 4. Bg2 Bg7 5. d3 Rb8 6. Be3 d6 7. Qd2 b5 8. Nge2
b4 9. Nd1 Ne5 10. h3 c4 11. Bxa7 Ra8 12. Be3 Be6 13. Nd4 c3 14. bxc3 bxc3 15.
Nxc3 Qc8 16. Nd5 Nc6 17. Nb6 Qa6 18. Nxe6 fxe6 19. Nxa8 Qa3 20. d4 Qxa8 21. O-O
Nf6 22. c3 O-O 23. Bh6 1-0

[Event "Konik Morski Rewala OPEN A"]
[Site "Rewal"]
[Date "2007.08.26"]
[Round "6.57"]
[White "Gosciniak, Maria"]
[Black "Jensen, Christine"]
[Result "1/2-1/2"]
[WhiteElo "2076"]
[BlackElo "2018"]
[PlyCount "127"]
[EventDate "2007.??.??"]

1. e4 c5 2. Nf3 e6 3. d4 cxd4 4. Nxd4 a6 5. c4 Qc7 6. Nc3 Nf6 7. Bd3 Nc6 8.
Nxc6 bxc6 9. O-O Bb7 10. Qe2 e5 11. f4 d6 12. Be3 Be7 13. a3 O-O 14. fxe5 dxe5
15. c5 a5 16. Na4 Rfd8 17. Nb6 Ra7 18. Kh1 a4 19. Rfd1 Bc8 20. Qc2 Bg4 21. Rd2
Nd7 22. Nxa4 Qa5 23. b3 Be6 24. Bc4 Bxc4 25. Qxc4 Nf6 26. Rxd8+ Qxd8 27. Nb6
Ng4 28. Bg1 Qd2 29. a4 Bg5 30. Qf1 Ne3 31. Bxe3 Qxe3 32. Qf5 g6 33. Qxe5 Re7
34. Qg3 Qxe4 35. h3 Bf4 36. Qf3 Qb4 37. Rf1 g5 38. Nc4 Re1 39. Qf2 Rxf1+ 40.
Qxf1 Qxb3 41. Nb6 Qg3 42. Qg1 g4 43. a5 Be3 44. Qf1 Bxc5 45. Nd7 Qf2 46. Qxf2
Bxf2 47. Nf6+ Kg7 48. Nxg4 Bd4 49. a6 f6 50. g3 h5 51. Nh2 Kf7 52. Nf3 Bb6 53.
Nd2 Ke6 54. Kg2 Kd5 55. Kf3 c5 56. Ne4 Ke5 57. h4 Ba7 58. Nd2 Kd5 59. Kf4 c4
60. Ne4 Bb8+ 61. Kf5 Kc6 62. Kxf6 c3 63. Nxc3 Bxg3 64. Kg5 1/2-1/2

[Event "Konik Morski Rewala OPEN A"]
[Site "Rewal"]
[Date "2007.08.26"]
[Round "6.58"]
[White "Szudra, Heinz-werner"]
[Black "Czaus, Piotr"]
[Result "1/2-1/2"]
[WhiteElo "2029"]
[BlackElo "1981"]
[PlyCount "95"]
[EventDate "2007.??.??"]

1. c4 Nf6 2. Nc3 g6 3. g3 Bg7 4. Bg2 d6 5. e4 O-O 6. Nge2 a5 7. O-O Na6 8. d3
Nc5 9. h3 Bd7 10. Be3 e5 11. f4 exf4 12. gxf4 Nh5 13. f5 Qc8 14. Nd5 Re8 15. f6
Bf8 16. Kh2 Qd8 17. Nef4 Nxf4 18. Nxf4 c6 19. Qd2 d5 20. cxd5 Bd6 21. Kh1 cxd5
22. Nxd5 Bc6 23. Rae1 Nd7 24. Bd4 Bxd5 25. exd5 Rxe1 26. Qxe1 Rc8 27. Bc3 b6
28. h4 Qf8 29. Qe3 Re8 30. Qg5 h6 31. Qg4 Ne5 32. Bxe5 Rxe5 33. Be4 h5 34. Qd7
Bc5 35. Qc7 Qd6 36. Qc8+ Qf8 37. Qc7 Qd6 38. Qc8+ Qf8 39. Qb7 Qd8 40. Bxg6
Qxd5+ 41. Qxd5 Rxd5 42. Be4 Rd6 43. Rf5 Bd4 44. Rg5+ Kf8 45. Rxh5 Rxf6 46. Rf5
Bxb2 47. a4 Rxf5 48. Bxf5 1/2-1/2

[Event "Konik Morski Rewala OPEN A"]
[Site "Rewal"]
[Date "2007.08.26"]
[Round "6.59"]
[White "Korosciel, Aneta"]
[Black "Roth, Josef"]
[Result "1-0"]
[WhiteElo "2105"]
[BlackElo "2158"]
[PlyCount "41"]
[EventDate "2007.??.??"]

1. e4 c5 2. Nf3 Nc6 3. Bb5 g6 4. O-O Bg7 5. c3 Nf6 6. Re1 O-O 7. e5 Nd5 8. d4
Nc7 9. Na3 Nxb5 10. Nxb5 a6 11. Na3 cxd4 12. cxd4 d6 13. exd6 Qxd6 14. Nc4 Qb4
15. b3 Bg4 16. Ba3 Qb5 17. Bxe7 Nxd4 18. Nxd4 Bxd1 19. Nxb5 Bxa1 20. Nc7 Bc3
21. Rxd1 1-0

[Event "Konik Morski Rewala OPEN A"]
[Site "Rewal"]
[Date "2007.08.27"]
[Round "7.8"]
[White "Walach, Marcin"]
[Black "Panocki, Adrian"]
[Result "1-0"]
[WhiteElo "2367"]
[BlackElo "2273"]
[PlyCount "101"]
[EventDate "2007.??.??"]

1. e4 d6 2. d4 Nf6 3. f3 c5 4. dxc5 Qa5+ 5. Nc3 Qxc5 6. Bb5+ Bd7 7. Qd3 a6 8.
Bxd7+ Nbxd7 9. Be3 Qa5 10. Nge2 g6 11. Qd2 Ne5 12. b3 Rc8 13. Na4 Qxd2+ 14.
Kxd2 Nfd7 15. c4 Bg7 16. Rac1 O-O 17. Nb6 Nxb6 18. Bxb6 Rc6 19. Be3 Rfc8 20.
Nc3 e6 21. Ne2 Kf8 22. Rhd1 Ke7 23. h3 R6c7 24. Ke1 b5 25. cxb5 Rxc1 26. Bxc1
axb5 27. Ba3 Rc6 28. f4 Ra6 29. Bb4 Nc6 30. Bxd6+ Ke8 31. Rd2 Bf6 32. Kf2 Bd8
33. e5 Ba5 34. Rc2 Kd7 35. Ke3 Ra8 36. Nc1 Bc7 37. Bc5 g5 38. g3 gxf4+ 39. gxf4
Rg8 40. Kf3 Ba5 41. Nd3 Rg6 42. Rg2 Rh6 43. Rg3 Bd8 44. Kg2 Ne7 45. Bxe7 Bxe7
46. Nf2 Kc6 47. Rc3+ Kb7 48. Ne4 Rg6+ 49. Kf3 Rg1 50. Nd6+ Kb6 51. Nc8+ 1-0

[Event "Konik Morski Rewala OPEN A"]
[Site "Rewal"]
[Date "2007.08.27"]
[Round "7.9"]
[White "Koziak, Vitali"]
[Black "Stoma, Pawel"]
[Result "1-0"]
[WhiteElo "2441"]
[BlackElo "2233"]
[PlyCount "89"]
[EventDate "2007.??.??"]

1. d4 d5 2. c4 c6 3. Nc3 Nf6 4. Nf3 a6 5. Bg5 h6 6. Bxf6 exf6 7. cxd5 cxd5 8.
Qb3 Nc6 9. Qxd5 Qb6 10. Qb3 Bb4 11. e3 Be6 12. Qc2 Rc8 13. Be2 Ne7 14. O-O O-O
15. a3 Ba5 16. b4 Qc7 17. Rfc1 Nd5 18. Nxd5 Qxc2 19. Rxc2 Rxc2 20. Bd3 Bxd5 21.
Bxc2 Bb6 22. Nd2 Rc8 23. Be4 Bxe4 24. Nxe4 Rc2 25. Kf1 Kf8 26. Nd6 Rc7 27. Ke2
Rc2+ 28. Kf3 Rc3 29. Ke2 Rc2+ 30. Kf1 Rc7 31. a4 a5 32. Rb1 axb4 33. Rxb4 Rc1+
34. Ke2 Bc7 35. Rc4 Rxc4 36. Nxc4 f5 37. f4 Ke7 38. d5 Kd7 39. Kd3 Bb8 40. Kd4
Ke7 41. Na5 Ba7+ 42. Ke5 Bxe3 43. Nxb7 g6 44. d6+ Kd7 45. Kd5 1-0

[Event "Konik Morski Rewala OPEN A"]
[Site "Rewal"]
[Date "2007.08.27"]
[Round "7.10"]
[White "Jerezperez, Alfonso"]
[Black "Sieciechowicz, Marcin"]
[Result "1/2-1/2"]
[WhiteElo "2397"]
[BlackElo "2214"]
[PlyCount "82"]
[EventDate "2007.??.??"]

1. e4 e6 2. d4 d5 3. Nc3 Bb4 4. e5 c5 5. Bd2 Nh6 6. a3 Bxc3 7. Bxc3 cxd4 8.
Qxd4 Nf5 9. Qf4 Qh4 10. Qxh4 Nxh4 11. g3 Nf5 12. Bd3 d4 13. Bd2 Ne7 14. Nf3
Nbc6 15. O-O-O f6 16. Rhe1 O-O 17. Bb4 Nxb4 18. axb4 fxe5 19. Nxe5 Rxf2 20. Re2
Rf8 21. Be4 Nf5 22. g4 Nd6 23. Rxd4 Nxe4 24. Rexe4 b5 25. Nc6 Bb7 26. Rxe6 Bxc6
27. Rxc6 Rf1+ 28. Rd1 Rxd1+ 29. Kxd1 Rd8+ 30. Kc1 Rd4 31. h3 Rxb4 32. Rc8+ Kf7
33. Rc7+ Kf6 34. Rxa7 Rf4 35. Ra6+ Kg5 36. Ra5 Kh4 37. Rxb5 Kxh3 38. Rh5+ Kxg4
39. Rxh7 g5 40. Rg7 Kh4 41. Kd2 g4 1/2-1/2

[Event "Konik Morski Rewala OPEN A"]
[Site "Rewal"]
[Date "2007.08.27"]
[Round "7.11"]
[White "Gumula, Daniel"]
[Black "Tokarski, Lukasz"]
[Result "0-1"]
[WhiteElo "2387"]
[BlackElo "2168"]
[PlyCount "112"]
[EventDate "2007.??.??"]

1. d4 Nf6 2. c4 c5 3. d5 b5 4. Nf3 g6 5. cxb5 a6 6. Nc3 axb5 7. e4 b4 8. e5
bxc3 9. exf6 Qa5 10. b3 d6 11. Bc4 Nd7 12. O-O Nxf6 13. Re1 Bg7 14. Bf4 O-O 15.
a4 Ra7 16. Ra2 Qb4 17. a5 Ba6 18. Ra4 Qxa4 19. bxa4 Bxc4 20. Qc1 Nxd5 21. Bh6
Rxa5 22. h4 Rxa4 23. h5 Rfa8 24. Bxg7 Kxg7 25. Kh2 Ra2 26. Qg5 c2 27. Rc1 f6
28. Qg4 R2a4 29. h6+ Kf7 30. Rxc2 Bb3 31. Ng5+ Ke8 32. Qe6 fxg5 33. Rb2 Rh4+
34. Kg3 Ra3 35. f3 Nf4 36. Qc8+ Kf7 37. Qh8 Rxh6 38. Qc3 c4 39. Qb4 Ra2 40.
Rxa2 Bxa2 41. Qa5 Bb3 42. Qxg5 Ne2+ 43. Kf2 Rh5 44. Qd2 Re5 45. Qh6 Kg8 46. Qh3
Nf4 47. Qc8+ Kg7 48. g3 Nd3+ 49. Kg1 Nc5 50. f4 Re6 51. Qa8 c3 52. Qa1 Re3 53.
Kf2 Rd3 54. Qe1 Rd2+ 55. Kf3 Bd1+ 56. Ke3 Re2+ 0-1

[Event "Konik Morski Rewala OPEN A"]
[Site "Rewal"]
[Date "2007.08.27"]
[Round "7.12"]
[White "Pieczonka, Marcin"]
[Black "Brodowski, Piotr"]
[Result "0-1"]
[WhiteElo "2055"]
[BlackElo "2365"]
[PlyCount "103"]
[EventDate "2007.??.??"]

1. c4 Nf6 2. Nf3 g6 3. g3 Bg7 4. Bg2 O-O 5. O-O d5 6. cxd5 Nxd5 7. Nc3 Nb6 8.
d3 Nc6 9. Be3 h6 10. Rc1 e5 11. Na4 Nd5 12. Bc5 Re8 13. Ne1 a5 14. e4 Ndb4 15.
a3 Na6 16. Be3 Be6 17. Nc5 Nxc5 18. Rxc5 Nd4 19. f4 Qd6 20. Rxe5 Bxe5 21. fxe5
Qxe5 22. Bxh6 Rad8 23. Qd2 c5 24. Bf4 Qh5 25. Qxa5 c4 26. Qxh5 gxh5 27. Kf2 Bg4
28. Bg5 Rd7 29. Ke3 Rc8 30. Bf6 Nb3 31. Bc3 Rcd8 32. dxc4 Nd2 33. Rf6 Nxc4+ 34.
Kf4 Rd6 35. Rxd6 Nxd6 36. a4 Rc8 37. Nc2 Bd1 38. Nd4 Bxa4 39. e5 Nb5 40. Nxb5
Bxb5 41. Bxb7 Rc4+ 42. Kg5 Rg4+ 43. Kxh5 Be2 44. Bh1 Rxg3+ 45. Kh4 Rg4+ 46. Kh3
Kh7 47. Be1 Kg6 48. Bg3 Kf5 49. Kg2 Rb4 50. Kf2 Rxb2 51. Ke3 Bc4 52. Kd4 0-1

[Event "Konik Morski Rewala OPEN A"]
[Site "Rewal"]
[Date "2007.08.27"]
[Round "7.13"]
[White "Mazurkiewicz, Michal"]
[Black "Maryasin, Boris"]
[Result "1-0"]
[WhiteElo "2199"]
[BlackElo "2321"]
[PlyCount "23"]
[EventDate "2007.??.??"]

1. e4 e6 2. d4 d5 3. Nd2 c5 4. g3 Nc6 5. Bg2 g6 6. Ngf3 Bg7 7. O-O Nge7 8. Re1
O-O 9. c3 b5 10. e5 Qc7 11. Qe2 g5 12. Nxg5 1-0

[Event "Konik Morski Rewala OPEN A"]
[Site "Rewal"]
[Date "2007.08.27"]
[Round "7.14"]
[White "Zierke, Oliver"]
[Black "Diczew, Filip"]
[Result "1/2-1/2"]
[WhiteElo "2302"]
[BlackElo "2112"]
[PlyCount "68"]
[EventDate "2007.??.??"]

1. d4 Nf6 2. Nf3 c6 3. c4 g6 4. Nc3 d5 5. Bf4 Bg7 6. e3 O-O 7. Be2 Nbd7 8. O-O
dxc4 9. Bxc4 Nh5 10. Bg5 Nb6 11. Bb3 h6 12. Bh4 Bg4 13. h3 Bxf3 14. Qxf3 Nf6
15. Rfd1 g5 16. Bg3 e6 17. Rac1 Qe7 18. e4 Nfd7 19. Qh5 e5 20. dxe5 Nxe5 21. h4
Rad8 22. hxg5 Qxg5 23. Qe2 h5 24. Bxe5 Bxe5 25. Qf3 Nd7 26. Na4 Bd4 27. Qf5
Qxf5 28. exf5 Nf6 29. Rc4 Be5 30. Nc3 Rfe8 31. a4 Ng4 32. a5 Bd4 33. Kf1 Nh2+
34. Kg1 Ng4 1/2-1/2

[Event "Konik Morski Rewala OPEN A"]
[Site "Rewal"]
[Date "2007.08.27"]
[Round "7.16"]
[White "Krzyzanowski, Marcin"]
[Black "Schebler, Gerhard"]
[Result "0-1"]
[WhiteElo "2206"]
[BlackElo "2496"]
[PlyCount "60"]
[EventDate "2007.??.??"]

1. e4 c5 2. Nf3 a6 3. c3 e6 4. d4 d5 5. exd5 exd5 6. Be2 Nc6 7. O-O Bd6 8. dxc5
Bxc5 9. Bf4 Nf6 10. Nbd2 O-O 11. Nb3 Ba7 12. Qd3 Re8 13. Rad1 Ne4 14. Nbd4 Qf6
15. Bg3 Bg4 16. Rfe1 Bh5 17. Nxc6 bxc6 18. Nd4 Bxe2 19. Rxe2 c5 20. Nf3 c4 21.
Qc2 Rad8 22. Nd4 h5 23. f3 Nc5 24. Bf2 Nd3 25. b3 h4 26. Rxe8+ Rxe8 27. bxc4
dxc4 28. Qa4 Rd8 29. Rd2 h3 30. Qxc4 Qg5 0-1